000 00300nam a22001337a 4500
003 SGT
020 _a9789390709182
082 _a615.1
_bJOS
100 _aJOSEPH AJAY S
245 _aPHARMACEUTICAL MANAGEMENT AND MARKETING
260 _aINDIA
_bCBS PUB
_c2021
300 _a225
942 _2ddc
_cBK
999 _c34452
_d34452